Nakolik je spokojený zaměstnanec loajální ?

Autorka sa snaží nájsť jednotnú odpoveď na otázku: ako sa kríza odráža na chovaní zamestnancov a na ich vzťahu voči zamestnávateľom.

Guardado en:
Detalles Bibliográficos
Autor principal: Suissa, Dagmar
Formato: Capítulo de libro
Lenguaje:checo
Materias:
Etiquetas: Agregar Etiqueta
Sin Etiquetas, Sea el primero en etiquetar este registro!

MARC

LEADER 00000naa a2200000 4500
001 0117521
005 20231113132253.8
041 0 |a cze 
044 |a CZ 
245 1 0 |a Nakolik je spokojený zaměstnanec loajální ?  |c Dagmar Suissa 
520 |a Autorka sa snaží nájsť jednotnú odpoveď na otázku: ako sa kríza odráža na chovaní zamestnancov a na ich vzťahu voči zamestnávateľom. 
610 2 0 |a lojálnosť zamestnancov 
610 2 0 |a spokojnosť v práci 
610 2 0 |a kríza hospodárska 
100 1 |a Suissa, Dagmar